|
|
|
|
| LEADER |
02563nam a2200541 aa4500 |
| 001 |
nkc20071746770 |
| 003 |
CZ PrNK |
| 005 |
20210421141552.0 |
| 007 |
ta |
| 008 |
070808s2007 xr a b p 000 0 cze |
| 015 |
|
|
|a cnb001746770
|
| 020 |
|
|
|a 978-80-7238-626-0
|q (učebnice 1. díl ;
|q brož.)
|
| 020 |
|
|
|a 978-80-7238-627-7
|q (učebnice 2. díl ;
|q brož.)
|
| 020 |
|
|
|a 978-80-7238-628-4
|q (příručka učitele ;
|q brož.)
|
| 035 |
|
|
|a (OCoLC)189427899
|
| 040 |
|
|
|a BOA001
|b cze
|d ABA001
|d OLA001
|
| 072 |
|
7 |
|a 51
|x Matematika
|2 Konspekt
|9 13
|
| 072 |
|
7 |
|a 37.016
|x Učební osnovy. Vyučovací předměty. Učebnice
|2 Konspekt
|9 22
|
| 080 |
|
|
|a 51
|2 MRF
|
| 080 |
|
|
|a 37.091.3
|2 MRF
|
| 080 |
|
|
|a (075.2)
|2 MRF
|
| 080 |
|
|
|a (072)
|2 MRF
|
| 100 |
1 |
|
|a Hejný, Milan,
|d 1936-
|7 jk01040589
|4 aut
|
| 245 |
1 |
0 |
|a Matematika :
|b pro 1. ročník základní školy /
|c autoři Milan Hejný, Darina Jirotková, Jana Slezáková-Kratochvílová ; ilustrace Dana Raunerová
|
| 246 |
1 |
|
|i Název v tiráži:
|a Matematika 1
|
| 246 |
1 |
|
|i Obálkový podnázev učebnic:
|a Přemýšlení a počítání
|
| 246 |
3 |
0 |
|a Matematika pro 1. ročník základní školy
|
| 250 |
|
|
|a 1. vyd.
|
| 260 |
|
|
|a Plzeň :
|b Fraus,
|c 2007
|
| 300 |
|
|
|a 3 sv. :
|b barev. il. ;
|c 30 cm
|
| 505 |
0 |
|
|a učebnice. 1. díl. 2007. 67 s. -- učebnice. 2. díl. 2007. 65 s. + [8] l. obr. příl. -- příručka učitele. 2007. 151 s. + 1 CD (písničky)
|
| 650 |
0 |
7 |
|a matematika
|7 ph117231
|2 czenas
|
| 650 |
0 |
7 |
|a studium a výuka
|7 ph136700
|2 czenas
|
| 650 |
0 |
9 |
|a mathematics
|2 eczenas
|
| 655 |
|
7 |
|a učebnice základních škol
|7 fd133773
|2 czenas
|
| 655 |
|
7 |
|a metodické příručky
|7 fd132826
|2 czenas
|
| 655 |
|
9 |
|a textbooks (elementary)
|2 eczenas
|
| 700 |
1 |
|
|a Jirotková, Darina
|7 xx0021513
|4 aut
|
| 700 |
1 |
|
|a Slezáková, Jana,
|d 1970-
|7 xx0064571
|4 aut
|
| 700 |
1 |
|
|a Raunerová, Dana,
|d 1955-
|7 jo20000082738
|4 ill
|
| 856 |
4 |
1 |
|u http://www.digitalniknihovna.cz/mzk/uuid/uuid:81e31d20-0bb0-11f0-9c7e-5ef3fc9bb22f
|y Digitalizovaný dokument
|x NDK
|
| 910 |
2 |
|
|a BOA001
|b 4-1189.699
|s učebnice 1-2, příručka učitele
|t v
|
| 990 |
|
|
|a BK
|
| 995 |
|
|
|a 01
|
| 991 |
|
|
|b 200708
|c NOV
|
| 996 |
6 |
|
|b 2610317201
|c 4-1189.699
|d 1, ucebnice 1. díl
|v 1
|l MZK
|r Sklad / do 1 hodiny
|n 14
|p p.v.
|w 000860758
|u 000010
|a 1
|e BOA001
|j MZK50
|s P
|
| 996 |
6 |
|
|b 2610317202
|c 4-1189.699
|d 2, učebnice 2. díl
|v 2
|l MZK
|r Sklad / do 1 hodiny
|n 9
|p p.v.
|w 000860758
|u 000020
|a 1
|e BOA001
|j MZK50
|s P
|
| 996 |
6 |
|
|b 2610329463
|c 4-1189.699
|d 3, příručka učitele
|v 3
|l MZK
|r Sklad / do 1 hodiny
|n 9
|p p.v.
|w 000860758
|u 000030
|a 1
|e BOA001
|j MZK50
|s P
|